Statistiques concernant Pokémon - Attaques apparues en génération II

Cliquez ici pour prendre le quiz!

Statistiques générales

  • Ce quiz a été pris 309 fois
  • Le résultat moyen est 54 sur 86

Statistiques - réponses

Type de quizAttaque% Correct
TénèbresMâchouille
94%
SpectreBall'Ombre
92%
DragonDracosouffle
89%
AcierQueue de Fer
86%
AcierAile d'Acier
84%
FeuRoue de Feu
84%
NormalAbri
81%
FeuFeu Sacré
81%
VolAéroblast
80%
FéeCharme
80%
EauDanse Pluie
80%
RocheRoulade
80%
FeuZénith
80%
PlanteGiga-Sangsue
77%
NormalLait à Boire
77%
EauSiphon
77%
DragonColère
75%
SpectreMalédiction
75%
SolAmpleur
73%
AcierGriffe Acier
73%
InsecteTaillade
73%
GlaceVent Glacé
73%
ElectrikEtincelle
72%
RocheTempête de Sable
72%
SolCoud'Boue
69%
GlacePoudreuse
69%
NormalRegard Noir
69%
PoisonBomb-Beurk
67%
DragonOuragan
67%
PsyVoile Miroir
67%
CombatDynamopoing
66%
CombatEclate-Roc
66%
InsecteMégacorne
66%
InsecteToile
66%
CombatTriple Pied
66%
NormalAttraction
64%
TénèbresBaston
64%
ElectrikElecanon
64%
TénèbresFeinte
64%
SpectreCauchemar
61%
SpectreDépit
61%
SolPicots
61%
SpectrePrélèvem. Destin
61%
PsyPrescience
61%
PlanteSynthèse
61%
NormalCadeau
59%
CombatCoup-Croix
59%
CombatDétection
59%
NormalGribouille
59%
EauOctazooka
59%
PlanteSpore Coton
59%
NormalAurore
58%
NormalClairvoyance
58%
NormalConversion2
58%
FéeDoux Baiser
58%
TénèbresLarcin
58%
NormalPuissance Cachée
58%
TénèbresPoursuite
56%
RochePouvoir Antique
56%
NormalBlabla Dodo
55%
NormalEncore
55%
NormalFrustration
55%
FéeRayon Lune
55%
NormalRetour
55%
NormalTour Rapide
55%
NormalVitesse Extrême
55%
NormalGlas de Soin
53%
NormalBalance
52%
NormalDoux Parfum
52%
NormalRune Protect
52%
NormalLire-Esprit
50%
SolCharge-Os
48%
CombatContre
48%
CombatMach-Punch
48%
NormalVerrouillage
48%
NormalRelais
47%
CombatCorps Perdu
45%
NormalRequiem
45%
NormalBoost
44%
NormalFléau
44%
NormalRonflement
44%
NormalVantardise
44%
NormalCognobidon
42%
NormalTénacité
41%
NormalGrimace
39%
NormalFaux-Chage
38%

Distribution des résultats

Percentile par nombre de réponses

% des personnes avec chaque résultat

Votre développement - résultats

Vous n’avez pas pris ce quiz